[Event "4NCL (GBR-chT 9394)"]
[Site "London, Barbican"]
[Date "1993.10.03"]
[Round "2.8"]
[White "Sheldon, Ruth"]
[Black "Hunt, Harriet"]
[Result "0-1"]
[WhiteElo "2040"]
[BlackElo "2135"]
[PlyCount "128"]
[EventDate "1993.10.03"]
[EventType "team"]
[EventCountry "ENG"]
[WhiteTeam "North West Eagles"]
[BlackTeam "Invicta Knights"]
[WhiteTeamCountry "ENG"]
[BlackTeamCountry "ENG"]

1. d4 d5 2. c4 e6 3. Nc3 Nf6 4. Nf3 Be7 5. Bf4 O-O 6. e3 Nbd7 7. Qc2 c5 8. dxc5
Nxc5 9. O-O-O Qa5 10. Kb1 Rd8 11. g4 Nfe4 12. Nb5 Na6 13. a3 Bd7 14. Nfd4 Rac8
15. Bd3 Bf6 16. Bxe4 dxe4 17. Nd6 Ba4 18. b3 Rxd6 19. Bxd6 Qb6 20. Ka2 Qxd6 21.
bxa4 Nc5 22. Nb5 Qb6 23. Rd6 Qa5 24. Rhd1 a6 25. Nd4 Be7 26. Nb3 Qxa4 27. R6d2
Nd3 28. Rxd3 Qxa3+ 29. Kb1 exd3 30. Rxd3 b5 31. c5 g6 32. c6 a5 33. Nd4 Qb4+
34. Rb3 Qe1+ 35. Ka2 Qh1 36. f3 Bd6 37. Rxb5 Qxh2 38. Qxh2 Bxh2 39. f4 Bg1 40.
Rb3 h5 41. gxh5 gxh5 42. Rc3 h4 43. Ne2 h3 44. Ng3 Kf8 45. e4 Ke7 46. e5 h2 47.
Ka3 f6 48. exf6+ Kxf6 49. Ka4 Ke7 50. Rc2 Kd6 51. Kb5 Kc7 52. Kxa5 Ra8+ 53. Kb5
Rb8+ 54. Kc4 Rg8 55. Nh1 Rg4 56. Re2 Rxf4+ 57. Kb5 Rf5+ 58. Ka4 e5 59. Kb5 e4+
60. Ka4 e3 61. Kb3 Kxc6 62. Kc2 Kd5 63. Kd3 Rf1 64. Rg2 Ke5 0-1

[Event "4NCL (GBR-chT 9394)"]
[Site "Bolton"]
[Date "1993.11.27"]
[Round "3.1"]
[White "Chandler, Murray"]
[Black "Littlewood, Paul"]
[Result "1-0"]
[WhiteElo "2565"]
[BlackElo "2460"]
[PlyCount "80"]
[EventDate "1993.11.27"]
[EventType "team"]
[EventCountry "ENG"]
[WhiteTeam "Barbican"]
[BlackTeam "Covent Garden"]
[WhiteTeamCountry "ENG"]
[BlackTeamCountry "ENG"]

1. e4 e5 2. Nf3 Nc6 3. d4 exd4 4. Nxd4 Bc5 5. Nxc6 Qf6 6. Qd2 Qxc6 7. Bd3 b6 8.
O-O Nf6 9. c4 O-O 10. Nc3 Re8 11. Qc2 h6 12. b3 Bb7 13. Bb2 Bd4 14. Rae1 Qc5
15. Na4 Qe5 16. Bxd4 Qxd4 17. Nc3 c6 18. h3 Rac8 19. Ne2 Qc5 20. Ng3 Re6 21.
Nf5 Rce8 22. Qb2 Qxf5 23. exf5 Rxe1 24. Qa3 Rxf1+ 25. Kxf1 a6 26. Qd6 b5 27. f3
Bc8 28. Kf2 Nh7 29. g4 Ng5 30. h4 Nh7 31. a4 bxa4 32. bxa4 c5 33. Qxc5 Bb7 34.
a5 Bc6 35. Qd4 Nf6 36. g5 hxg5 37. hxg5 Nh7 38. Qf4 Nf8 39. c5 Ra8 40. Bc4 Ra7
1-0

[Event "4NCL (GBR-chT 9394)"]
[Site "Bolton"]
[Date "1993.11.27"]
[Round "3.3"]
[White "Flear, Glenn C"]
[Black "Dunworth, Chris"]
[Result "1-0"]
[WhiteElo "2500"]
[BlackElo "2245"]
[PlyCount "119"]
[EventDate "1993.11.27"]
[EventType "team"]
[EventCountry "ENG"]
[WhiteTeam "Barbican"]
[BlackTeam "Covent Garden"]
[WhiteTeamCountry "ENG"]
[BlackTeamCountry "ENG"]

1. d4 g6 2. e4 d6 3. c4 Bg7 4. Nc3 f5 5. Nf3 Nh6 6. Be2 Na6 7. h4 c5 8. d5 fxe4
9. Nxe4 Bf5 10. Ng3 Qd7 11. Ng5 O-O 12. h5 Ng4 13. f3 Be5 14. f4 Nb4 15. Nxf5
Qxf5 16. Bxg4 Nc2+ 17. Kf1 Qxg5 18. Be6+ Kh8 19. Qxc2 Bxf4 20. Kg1 Be3+ 21.
Bxe3 Qxe3+ 22. Kh2 Qe5+ 23. g3 Rf3 24. Qg2 Raf8 25. Rhf1 Qxh5+ 26. Kg1 R3f6 27.
Rxf6 Rxf6 28. Rf1 Qe5 29. Rxf6 exf6 30. Qf2 Kg7 31. Bg4 Qe4 32. Qe2 Qxe2 33.
Bxe2 f5 34. Kf2 Kf6 35. Ke3 Ke5 36. Bd1 h6 37. Ba4 b6 38. Be8 g5 39. Bh5 Kf6
40. Be2 Ke5 41. g4 f4+ 42. Kd3 Kf6 43. Bf3 Ke5 44. Kc3 Kf6 45. a3 Ke7 46. b4
Ke8 47. Kb3 Kd8 48. Ka4 Kc7 49. Kb5 Kb7 50. Be2 Kc7 51. Ka6 Kb8 52. b5 Ka8 53.
a4 Kb8 54. a5 bxa5 55. Kxa5 Kb7 56. Bf3 Ka8 57. Ka6 Kb8 58. b6 Ka8 59. b7+ Kb8
60. Bd1 1-0

[Event "4NCL (GBR-chT 9394)"]
[Site "Bolton"]
[Date "1993.11.27"]
[Round "3.5"]
[White "Kenworthy, Gary"]
[Black "Duncan, Chris"]
[Result "1-0"]
[WhiteElo "2285"]
[BlackElo "2280"]
[PlyCount "43"]
[EventDate "1993.11.27"]
[EventType "team"]
[EventCountry "ENG"]
[WhiteTeam "Barbican"]
[BlackTeam "Covent Garden"]
[WhiteTeamCountry "ENG"]
[BlackTeamCountry "ENG"]

1. e4 c5 2. Nf3 d6 3. d4 cxd4 4. Nxd4 Nf6 5. Nc3 g6 6. f4 Bg7 7. e5 Nh5 8. Bb5+
Bd7 9. Qe2 a6 10. Bc4 dxe5 11. fxe5 Qc7 12. Nd5 Qc5 13. Nb3 Qc6 14. Na5 Qc8 15.
O-O Be6 16. Nb6 Qc5+ 17. Be3 Qxa5 18. Bxe6 fxe6 19. Qc4 Nc6 20. Qxe6 Nxe5 21.
Nxa8 Nf6 22. Bb6 1-0

[Event "4NCL (GBR-chT 9394)"]
[Site "Bolton"]
[Date "1993.11.27"]
[Round "3.4"]
[White "Carleton, John"]
[Black "Beaumont, Chris"]
[Result "0-1"]
[WhiteElo "2479"]
[BlackElo "2365"]
[PlyCount "86"]
[EventDate "1993.11.27"]
[EventType "team"]
[EventCountry "ENG"]
[WhiteTeam "North West Eagles"]
[BlackTeam "Bristol"]
[WhiteTeamCountry "ENG"]
[BlackTeamCountry "ENG"]

1. e4 c5 2. Nf3 g6 3. d4 Bg7 4. Nc3 cxd4 5. Nxd4 Nc6 6. Be3 Nf6 7. Be2 O-O 8.
Qd2 d5 9. exd5 Nxd5 10. Nxd5 Nxd4 11. Bxd4 Qxd5 12. Bxg7 Qxg2 13. O-O-O Kxg7
14. h4 Bf5 15. h5 Rac8 16. Bd3 Bxd3 17. Qxd3 Qg5+ 18. Kb1 Rfd8 19. Qxd8 Rxd8
20. Rxd8 gxh5 21. Rd3 Qf5 22. Rg3+ Kh6 23. Rgh3 Qxf2 24. Rxh5+ Kg6 25. Rxh7 e5
26. R7h2 Qf4 27. Rh4 Qg5 28. Rh8 Kf6 29. R8h5 Qf4 30. R5h4 Qf2 31. b3 Ke6 32.
R4h2 Qd4 33. Rh6+ f6 34. Rf1 e4 35. a3 e3 36. Rhxf6+ Qxf6 37. Rxf6+ Kxf6 38.
Kc1 Ke5 39. Kd1 Kd4 40. b4 b5 41. Ke1 Kc3 42. Ke2 Kxc2 43. Kxe3 Kb3 0-1

[Event "4NCL (GBR-chT 9394)"]
[Site "Bolton"]
[Date "1993.11.27"]
[Round "3.5"]
[White "Truran, Michael"]
[Black "Littlewood, John E"]
[Result "0-1"]
[WhiteElo "2272"]
[BlackElo "2320"]
[PlyCount "58"]
[EventDate "1993.11.27"]
[EventType "team"]
[EventCountry "ENG"]
[WhiteTeam "Bristol"]
[BlackTeam "North West Eagles"]
[WhiteTeamCountry "ENG"]
[BlackTeamCountry "ENG"]

1. d4 Nf6 2. c4 g6 3. Nc3 d5 4. cxd5 Nxd5 5. e4 Nxc3 6. bxc3 Bg7 7. Be3 O-O 8.
Qd2 c5 9. Rc1 Qa5 10. Nf3 Bg4 11. Ng5 cxd4 12. cxd4 Qxd2+ 13. Kxd2 Nc6 14. h3
Bd7 15. d5 Na5 16. Bd3 h6 17. Nf3 e6 18. dxe6 Bxe6 19. Ke2 Rfd8 20. Rc5 Nc6 21.
Rb1 Bf8 22. Rcb5 b6 23. a4 Na5 24. Bd2 Nc4 25. Ra1 Bg7 26. Rc1 Nb2 27. Ne1 Nxa4
28. f4 Nc5 29. Bb1 Nb3 0-1

[Event "4NCL (GBR-chT 9394)"]
[Site "Rd03-Bolton"]
[Date "1993.11.27"]
[Round "3.6"]
[White "Smith, Alan A"]
[Black "Richmond, Peter"]
[Result "1-0"]
[WhiteElo "2265"]
[BlackElo "2215"]
[PlyCount "71"]
[EventDate "1993.11.27"]
[EventType "team"]
[EventCountry "ENG"]
[SourceTitle "BritBase"]
[WhiteTeam "North West Eagles"]
[BlackTeam "Bristol"]
[WhiteTeamCountry "ENG"]
[BlackTeamCountry "ENG"]

1. e4 c5 2. Nf3 Nc6 3. Bb5 e6 4. O-O Nge7 5. Nc3 a6 6. Bxc6 Nxc6 7. d4 cxd4 8.
Nxd4 Be7 9. Nxc6 dxc6 10. Qg4 O-O 11. e5 f5 12. exf6 Bxf6 13. Qg3 e5 14. Be3
Bf5 15. Bc5 Rf7 16. Rac1 Bh4 17. Qxe5 Qf6 18. Qe2 Qg6 19. f3 Bg5 20. Rce1 Rd7
21. Qc4+ Kh8 22. Ne4 Bh4 23. Bf2 Bxf2+ 24. Rxf2 Rad8 25. c3 h6 26. Rfe2 b5 27.
Qc5 Rd5 28. Qf2 Kh7 29. Nc5 a5 30. Nb3 Bd3 31. Re6 Qf7 32. Nxa5 Bc4 33. Nxc4
bxc4 34. Qe2 Rd2 35. Qxc4 Rxb2 36. Rxh6+ {Source: Alan Smith, 26 January 2018}
1-0

[Event "4NCL (GBR-chT 9394)"]
[Site "Bolton"]
[Date "1993.11.27"]
[Round "3.2"]
[White "Ward, Chris"]
[Black "Houska, Miroslav"]
[Result "1-0"]
[WhiteElo "2460"]
[BlackElo "2300"]
[PlyCount "79"]
[EventDate "1993.11.27"]
[EventType "team"]
[EventCountry "ENG"]
[WhiteTeam "Invicta Knights"]
[BlackTeam "Slough"]
[WhiteTeamCountry "ENG"]
[BlackTeamCountry "ENG"]

1. d4 f5 2. Bg5 g6 3. Nc3 d5 4. h4 h6 5. Bf4 Nf6 6. Nf3 Be6 7. Qd3 c6 8. Ne5
Bf7 9. f3 Nbd7 10. g4 e6 11. gxf5 exf5 12. Nxf7 Kxf7 13. O-O-O b5 14. e3 Qe7
15. Bg2 Re8 16. Rde1 Nh5 17. Ne2 Bg7 18. e4 Bf6 19. exf5 Qxe2 20. fxg6+ Kg7 21.
Bxh6+ Kxh6 22. Rxe2 Nf4 23. Qd2 Rxe2 24. Qxf4+ Kg7 25. Qg4 Nb6 26. b3 a5 27. h5
a4 28. f4 Re3 29. f5 Rh6 30. Qf4 Re7 31. Bf3 Nd7 32. Kd1 c5 33. Re1 Rxe1+ 34.
Kxe1 Rh8 35. h6+ Rxh6 36. Qc7 Rh8 37. Qxd7+ Kh6 38. Qf7 Bxd4 39. g7 Bc3+ 40.
Kf1 1-0

[Event "4NCL (GBR-chT 9394)"]
 [Site "Bolton"]
 [Date "1993.11.28"]
 [Round "4.1"]
 [White "Arkell, Keith C"]
 [Black "Chandler, Murray G"]
 [Result "1/2-1/2"]
  [WhiteElo "2460"]
 [BlackElo "2565"]
 [PlyCount "42"]
 [EventDate "1993.11.28"]
 [EventType "team"]
 [EventCountry "ENG"]
 [SourceTitle "BritBase"]
 [Source "John Saunders"]
 [SourceDate "2020.04.23"]
 [SourceVersion "1"]
 [SourceVersionDate "2020.04.23"]
 [SourceQuality "1"]
 [WhiteTeam "North West Eagles"]
 [BlackTeam "Barbican"]
 [WhiteTeamCountry "ENG"]
 [BlackTeamCountry "ENG"]
 
 1. d4 Nf6 2. Nf3 e6 3. c4 b6 4. g3 Ba6 5. b3 Bb7 6. Bg2 Bb4+ 7. Bd2 a5 8. O-O
 O-O 9. Bc3 d5 10. Bb2 a4 11. cxd5 a3 12. Bc3 Bxc3 13. Nxc3 Nxd5 14. Nxd5 Bxd5
 15. Qc2 Na6 16. Rfd1 Nb4 17. Qc3 Qe7 18. Ne5 Rfd8 19. Nd3 Nxd3 20. Rxd3 Bxg2
 21. Kxg2 h6 {Source: Chandler scoresheet} 1/2-1/2

[Event "4NCL (GBR-chT 9394)"]
[Site "Bolton"]
[Date "1993.11.28"]
[Round "4.2"]
[White "Conquest, Stuart"]
[Black "Horner, Jeff"]
[Result "1-0"]
[WhiteElo "2485"]
[BlackElo "2384"]
[PlyCount "111"]
[EventDate "1993.11.28"]
[EventType "team"]
[EventCountry "ENG"]
[WhiteTeam "Barbican"]
[BlackTeam "North West Eagles"]
[WhiteTeamCountry "ENG"]
[BlackTeamCountry "ENG"]

1. d4 Nf6 2. c4 g6 3. Nc3 Bg7 4. e4 O-O 5. Bg5 h6 6. Be3 d6 7. h3 c5 8. d5 e6
9. Bd3 exd5 10. exd5 Nbd7 11. Nf3 a6 12. Qd2 Kh7 13. a4 Re8 14. g4 Ne5 15. Nxe5
Rxe5 16. Kf1 Bd7 17. Bf4 Re8 18. f3 Qe7 19. Rd1 Rad8 20. Qh2 Bc8 21. Qg3 Kg8
22. h4 Qf8 23. Kg2 Nh7 24. Rde1 Rxe1 25. Rxe1 Nf6 26. a5 Ne8 27. Na4 Bd4 28.
Re2 Qg7 29. g5 hxg5 30. hxg5 Qh7 31. Nb6 Qg7 32. Qe1 Qf8 33. Qg3 Bd7 34. Kh1
Bc8 35. Rh2 Ng7 36. Nxc8 Rxc8 37. Bxd6 Qe8 38. Re2 Qa4 39. Qe1 Nh5 40. Kg2 Qd7
41. Bh2 Qd8 42. Re7 Bg7 43. Kh1 Bf8 44. Rxf7 Qxg5 45. Rxb7 Ng7 46. d6 Qf6 47.
Be4 Bxd6 48. Bd5+ Kh8 49. Rf7 Qd8 50. Bxd6 Qxd6 51. Qc3 Rg8 52. f4 Qb8 53. Rf6
Qd8 54. Rxg6 Qh4+ 55. Kg2 Kh7 56. Rg3 1-0

[Event "4NCL (GBR-chT 9394)"]
[Site "Bolton"]
[Date "1993.11.28"]
[Round "4.3"]
[White "Quillan, Gary"]
[Black "Flear, Glenn C"]
[Result "0-1"]
[WhiteElo "2300"]
[BlackElo "2500"]
[PlyCount "58"]
[EventDate "1993.11.28"]
[EventType "team"]
[EventCountry "ENG"]
[WhiteTeam "North West Eagles"]
[BlackTeam "Barbican"]
[WhiteTeamCountry "ENG"]
[BlackTeamCountry "ENG"]

1. e4 e5 2. Nf3 Nc6 3. Bb5 a6 4. Ba4 Nf6 5. O-O Nxe4 6. d4 b5 7. Bb3 d5 8. dxe5
Be6 9. Nbd2 Be7 10. c3 Qd7 11. Re1 Nc5 12. Bc2 Bg4 13. Nf1 Rd8 14. Ne3 Bh5 15.
Nf5 O-O 16. h3 Bg6 17. g4 Rfe8 18. N3d4 Ne6 19. h4 Ncxd4 20. cxd4 c5 21. Be3
cxd4 22. Bxd4 Bxh4 23. Re3 Bg5 24. Rh3 Bf4 25. Nd6 Bxc2 26. Qxc2 Ng5 27. Rh1
Qxg4+ 28. Kf1 Qf3 29. Rh4 Bg3 0-1

[Event "4NCL (GBR-chT 9394)"]
[Site "Bolton"]
[Date "1993.11.28"]
[Round "4.4"]
[White "Britton, Richard"]
[Black "Carleton, John"]
[Result "1-0"]
[WhiteElo "2305"]
[BlackElo "2479"]
[PlyCount "45"]
[EventDate "1993.11.28"]
[EventType "team"]
[EventCountry "ENG"]
[WhiteTeam "Barbican"]
[BlackTeam "North West Eagles"]
[WhiteTeamCountry "ENG"]
[BlackTeamCountry "ENG"]

1. e4 e6 2. d3 d5 3. Nd2 c5 4. Ngf3 Nc6 5. g3 Nf6 6. Bg2 Be7 7. O-O b5 8. Re1
a5 9. exd5 exd5 10. d4 c4 11. Ne5 Ra6 12. a4 Nxd4 13. c3 Ne6 14. axb5 Rb6 15.
Nc6 Qc7 16. b3 Bc5 17. bxc4 dxc4 18. Nxc4 Rxb5 19. Qa4 Ba6 20. Bf4 Qc8 21. Bd6
Nd7 22. Bxc5 Ndxc5 23. Nd6+ 1-0

[Event "4NCL (GBR-chT 9394)"]
[Site "Rd04-Bolton"]
[Date "1993.11.28"]
[Round "4.6"]
[White "Byway, Paul"]
[Black "Smith, Alan A"]
[Result "1/2-1/2"]
[WhiteElo "2295"]
[BlackElo "2265"]
[PlyCount "38"]
[EventDate "1993.11.28"]
[EventType "team"]
[EventCountry "ENG"]
[SourceTitle "BritBase"]
[WhiteTeam "Barbican"]
[BlackTeam "North West Eagles"]
[WhiteTeamCountry "ENG"]
[BlackTeamCountry "ENG"]

1. c4 b6 2. Nc3 c5 3. e3 Nf6 4. Nf3 Bb7 5. b3 g6 6. Bb2 Bg7 7. Be2 O-O 8. O-O
Nc6 9. d4 cxd4 10. exd4 d5 11. Re1 Rc8 12. Rc1 dxc4 13. Bxc4 a6 14. d5 Na5 15.
Ba3 Re8 16. Bf1 Ng4 17. Bb4 Nh6 18. Ne5 Nf5 19. g3 f6 {Source: Alan Smith, 26
January 2021} 1/2-1/2

[Event "4NCL (GBR-chT 9394)"]
[Site "Bolton"]
[Date "1993.11.28"]
[Round "4.8"]
[White "Regan, Natasha"]
[Black "Sheldon, Ruth"]
[Result "0-1"]
[WhiteElo "2140"]
[BlackElo "2040"]
[PlyCount "46"]
[EventDate "1993.11.28"]
[EventType "team"]
[EventCountry "ENG"]
[WhiteTeam "Barbican"]
[BlackTeam "North West Eagles"]
[WhiteTeamCountry "ENG"]
[BlackTeamCountry "ENG"]

1. c4 g6 2. Nc3 Bg7 3. g3 e5 4. Bg2 f5 5. e4 Nf6 6. exf5 gxf5 7. Nge2 d6 8. d4
Nbd7 9. Bg5 c6 10. dxe5 dxe5 11. Qd3 O-O 12. O-O-O Qa5 13. Qxf5 Nc5 14. Qc2 Ng4
15. Be7 Bf5 16. Ne4 Nxe4 17. Bxe4 Bxe4 18. Qxe4 Nxf2 19. Qh4 Nxd1 20. Rxd1 Rf2
21. Nc3 e4 22. Qg4 Kh8 23. Qg5 Bxc3 0-1

[Event "4NCL (GBR-chT 9394)"]
[Site "Bolton"]
[Date "1993.11.28"]
[Round "4.1"]
[White "Emms, John"]
[Black "Law, Andrew"]
[Result "1-0"]
[WhiteElo "2455"]
[BlackElo "2375"]
[PlyCount "73"]
[EventDate "1993.11.28"]
[EventType "team"]
[EventCountry "ENG"]
[WhiteTeam "Invicta Knights"]
[BlackTeam "Bristol"]
[WhiteTeamCountry "ENG"]
[BlackTeamCountry "ENG"]

1. e4 e5 2. Nf3 Nc6 3. Bb5 a6 4. Ba4 Nf6 5. O-O Be7 6. Re1 b5 7. Bb3 d6 8. c3
O-O 9. d3 Na5 10. Bc2 c5 11. Nbd2 Nc6 12. Nf1 h6 13. Ne3 Re8 14. a4 Rb8 15.
axb5 axb5 16. Bb3 Bf8 17. Bd2 Bd7 18. Qc2 Qb6 19. h3 Rec8 20. Nh2 Na5 21. Ba2
c4 22. Nhg4 Nxg4 23. hxg4 Be6 24. Nd5 Qb7 25. b4 cxb3 26. Bxb3 Nxb3 27. Qxb3
Bxg4 28. Bxh6 Be6 29. Be3 Ra8 30. c4 Rcb8 31. Rxa8 Rxa8 32. cxb5 Ra5 33. Rb1
Bd7 34. b6 Be6 35. Rc1 Rxd5 36. exd5 Bxd5 37. Rc7 1-0

[Event "4NCL (GBR-chT 9394)"]
[Site "Bolton"]
[Date "1993.11.28"]
[Round "4.1"]
[White "Littlewood, Paul"]
[Black "Summerscale, Aaron"]
[Result "1/2-1/2"]
[WhiteElo "2460"]
[BlackElo "2355"]
[PlyCount "46"]
[EventDate "1993.11.28"]
[EventType "team"]
[EventCountry "ENG"]
[WhiteTeam "Covent Garden"]
[BlackTeam "Slough"]
[WhiteTeamCountry "ENG"]
[BlackTeamCountry "ENG"]

1. d4 d5 2. c4 c6 3. Nf3 Nf6 4. e3 Bf5 5. Bd3 Bxd3 6. Qxd3 e6 7. O-O Nbd7 8.
Nc3 Be7 9. b3 O-O 10. Bb2 Qa5 11. e4 dxe4 12. Nxe4 Nxe4 13. Qxe4 Ba3 14. Rab1
Bxb2 15. Rxb2 Rad8 16. Re2 Nf6 17. Qc2 Qc7 18. Re5 Rxd4 19. Rxe6 fxe6 20. Nxd4
Ng4 21. g3 Qe5 22. Ne2 Qe3 23. Qxh7+ Kxh7 1/2-1/2

[Event "4NCL (GBR-chT 9394)"]
[Site "Rd04-Bolton"]
[Date "1993.11.28"]
[Round "4.6"]
[White "Smith, Andrew Philip"]
[Black "McShane, Luke J"]
[Result "1-0"]
[WhiteElo "2290"]
[BlackElo "1920"]
[PlyCount "53"]
[EventDate "1993.11.28"]
[EventType "team"]
[EventCountry "ENG"]
[SourceTitle "BritBase"]
[Source "britbase.info"]
[SourceDate "2021.07.30"]
[SourceVersion "1"]
[SourceVersionDate "2021.07.30"]
[SourceQuality "1"]
[WhiteTeam "Slough"]
[BlackTeam "Covent Garden"]
[WhiteTeamCountry "ENG"]
[BlackTeamCountry "ENG"]

1. e4 e6 2. d4 d5 3. Nc3 Bb4 4. e5 Qd7 5. Bd2 b6 6. Bb5 c6 7. Ba4 Ba6 8. Nce2
Bf8 9. Nf3 Ne7 10. O-O Ng6 11. Re1 Be7 12. Ng3 Bb7 13. Nh5 O-O 14. c3 Qc7 15.
Bc2 Nd7 16. Ng5 c5 17. Rc1 Bc6 18. Qg4 Rfc8 19. Nxe6 fxe6 20. Bxg6 Bg5 21. Qxg5
hxg6 22. Qxg6 Nb8 23. Qxe6+ Kh8 24. Nxg7 Kxg7 25. Re3 Rf8 26. Rg3+ Kh8 27. Qh6+
{Source: Off the Board Chess by Andrew Smith. Contributed by Andy Ansel, 17
August 2021} 1-0

[Event "4NCL (GBR-chT 9394)"]
[Site "Cheltenham"]
[Date "1994.01.22"]
[Round "5.1"]
[White "Hebden, Mark"]
[Black "Emms, John"]
[Result "1-0"]
[WhiteElo "2560"]
[BlackElo "2455"]
[PlyCount "101"]
[EventDate "1994.01.22"]
[EventType "team"]
[EventCountry "ENG"]
[WhiteTeam "Barbican"]
[BlackTeam "Invicta Knights"]
[WhiteTeamCountry "ENG"]
[BlackTeamCountry "ENG"]

1. d4 Nf6 2. c4 e6 3. Nf3 c5 4. e3 d5 5. cxd5 exd5 6. Bb5+ Nc6 7. O-O Bd6 8.
Qc2 Qb6 9. dxc5 Bxh2+ 10. Nxh2 Qxb5 11. Na3 Qa5 12. Bd2 Qd8 13. Nb5 O-O 14. Bc3
Ne4 15. f3 Ng3 16. Rfe1 Be6 17. Rad1 Qg5 18. Nd6 b6 19. Qa4 Ne7 20. Qd4 Nc6 21.
Qa4 Ne7 22. b4 Nef5 23. Nxf5 Nxf5 24. Bd4 bxc5 25. bxc5 h5 26. Rd2 h4 27. Be5
Rfc8 28. c6 Ne7 29. Bf4 Qf6 30. Rc1 Ng6 31. Nf1 h3 32. g3 Ne7 33. e4 dxe4 34.
fxe4 Ng6 35. Qd4 Qe7 36. Qd6 Qf6 37. c7 a5 38. Ne3 Ra7 39. Nd5 h2+ 40. Kxh2
Bxd5 41. Qxf6 gxf6 42. Rxd5 Kg7 43. Rd8 Raa8 44. Rcd1 Ne5 45. Bxe5 fxe5 46. Kh3
Kf6 47. Kg4 Ke7 48. Kf5 Rxd8 49. cxd8=Q+ Rxd8 50. Rxd8 Kxd8 51. a4 1-0

[Event "4NCL (GBR-chT 9394)"]
[Site "Cheltenham"]
[Date "1994.01.22"]
[Round "5.2"]
[White "King, Daniel"]
[Black "Flear, Glenn C"]
[Result "1-0"]
[WhiteElo "2455"]
[BlackElo "2500"]
[PlyCount "133"]
[EventDate "1994.01.22"]
[EventType "team"]
[EventCountry "ENG"]
[WhiteTeam "Invicta Knights"]
[BlackTeam "Barbican"]
[WhiteTeamCountry "ENG"]
[BlackTeamCountry "ENG"]

1. g3 d5 2. Bg2 e5 3. Nf3 e4 4. Nd4 c5 5. Nb3 Nf6 6. d3 Be7 7. dxe4 Nxe4 8.
Bxe4 dxe4 9. Qxd8+ Kxd8 10. Nc3 f5 11. Bf4 Na6 12. O-O-O+ Ke8 13. f3 exf3 14.
exf3 b6 15. Nd5 Kf7 16. Nd2 Re8 17. Nxe7 Rxe7 18. Nc4 Bb7 19. Bg5 Rc7 20. Bf4
Re7 21. Nd6+ Kf6 22. h4 h6 23. Nxb7 Rxb7 24. Rhe1 Kg6 25. Re6+ Kh7 26. h5 Rf8
27. a3 Nb8 28. b3 Rbf7 29. Rd5 Rc8 30. c3 Nc6 31. Kc2 Na5 32. Rd1 Kg8 33. Rde1
Rd8 34. Re8+ Rxe8 35. Rxe8+ Rf8 36. Re5 Rf7 37. Re6 Rd7 38. Re5 Rf7 39. Re8+
Rf8 40. Re6 Rf7 41. b4 cxb4 42. cxb4 Nc4 43. Kb3 b5 44. a4 Rd7 45. axb5 Nb6 46.
Rd6 Re7 47. Kc3 Re1 48. Kd4 Rb1 49. Kc5 Rb3 50. Rxb6 axb6+ 51. Kxb6 Rxb4 52.
Kc5 Rb3 53. b6 Kf7 54. Kc6 Rc3+ 55. Kd7 Rb3 56. Kc6 Rc3+ 57. Kd7 Rb3 58. Bc7 g6
59. Kc8 Rxf3 60. b7 Rb3 61. b8=Q Rxb8+ 62. Bxb8 gxh5 63. Kd7 Kg6 64. Bf4 h4 65.
gxh4 Kh5 66. Bg3 Kg4 67. Be1 1-0

[Event "4NCL (GBR-chT 9394)"]
[Site "Cheltenham"]
[Date "1994.01.22"]
[Round "5.3"]
[White "Conquest, Stuart"]
[Black "Ward, Chris"]
[Result "1/2-1/2"]
[WhiteElo "2485"]
[BlackElo "2460"]
[PlyCount "80"]
[EventDate "1994.01.22"]
[EventType "team"]
[EventCountry "ENG"]
[WhiteTeam "Barbican"]
[BlackTeam "Invicta Knights"]
[WhiteTeamCountry "ENG"]
[BlackTeamCountry "ENG"]

1. d4 Nf6 2. Nf3 e6 3. Bg5 c5 4. e3 cxd4 5. exd4 Be7 6. Bd3 b6 7. c4 O-O 8. Nc3
Bb7 9. O-O d6 10. Rc1 Nbd7 11. Re1 Re8 12. h3 Nf8 13. Bf4 Ng6 14. Bh2 d5 15.
Nb5 dxc4 16. Bxc4 Rf8 17. Ne5 Nh4 18. Bf1 Nxg2 19. Rc7 Nxe1 20. Rxb7 Bb4 21.
Nc7 Qc8 22. Ba6 Nd5 23. Nxa8 Qxa8 24. a3 Nc7 25. Qa4 Bd6 26. Kf1 b5 27. Qa5 Nc2
28. d5 Nxa6 29. Qxa6 exd5 30. Rxa7 Qb8 31. Nd7 Qe8 32. Qxd6 Qe1+ 33. Kg2 Qe4+
34. Kg3 Re8 35. Qf4 Qe6 36. Nc5 Qg6+ 37. Qg4 Qd6+ 38. Qf4 Qg6+ 39. Qg4 Qd6+ 40.
Qf4 Qg6+ 1/2-1/2

[Event "4NCL (GBR-chT 9394)"]
[Site "Cheltenham"]
[Date "1994.01.22"]
[Round "5.4"]
[White "Kumaran, Dharshan"]
[Black "Crouch, Colin"]
[Result "1-0"]
[WhiteElo "2425"]
[BlackElo "2415"]
[PlyCount "89"]
[EventDate "1994.01.22"]
[EventType "team"]
[EventCountry "ENG"]
[WhiteTeam "Invicta Knights"]
[BlackTeam "Barbican"]
[WhiteTeamCountry "ENG"]
[BlackTeamCountry "ENG"]

1. d4 d5 2. c4 e6 3. Nc3 Nf6 4. cxd5 Nxd5 5. e4 Nxc3 6. bxc3 e5 7. dxe5 Qxd1+
8. Kxd1 Nd7 9. Bf4 Ba3 10. Kc2 O-O 11. Nf3 a6 12. Bc4 Nb6 13. Be2 Bd7 14. Nd2
f5 15. exf6 Rxf6 16. Be3 Ba4+ 17. Nb3 c5 18. c4 Nd7 19. Rad1 Re8 20. f3 Ne5 21.
f4 Nc6 22. Bf3 Nd4+ 23. Bxd4 cxd4 24. g3 Rc6 25. Rxd4 Rec8 26. e5 Rxc4+ 27.
Rxc4 Rxc4+ 28. Kd3 Rc7 29. Bd5+ Kf8 30. Nd4 Rd7 31. Ke4 Bb2 32. e6 Rd8 33. Re1
g6 34. Re2 Ba1 35. g4 Ke7 36. f5 Bxd4 37. Kxd4 Bd1 38. Rf2 gxf5 39. gxf5 Kf6
40. Kc5 b6+ 41. Kc4 Ke5 42. Bb7 a5 43. e7 Rb8 44. Bc6 Bh5 45. e8=Q+ 1-0

[Event "4NCL (GBR-chT 9394)"]
[Site "Cheltenham"]
[Date "1994.01.22"]
[Round "5.5"]
[White "Pritchett, Craig"]
[Black "McDonald, Neil"]
[Result "1-0"]
[WhiteElo "2360"]
[BlackElo "2395"]
[PlyCount "149"]
[EventDate "1994.01.22"]
[EventType "team"]
[EventCountry "ENG"]
[WhiteTeam "Barbican"]
[BlackTeam "Invicta Knights"]
[WhiteTeamCountry "ENG"]
[BlackTeamCountry "ENG"]

1. Nf3 Nf6 2. c4 g6 3. Nc3 Bg7 4. e4 d6 5. d4 O-O 6. Be2 e5 7. Be3 h6 8. O-O
Ng4 9. Bc1 Nc6 10. d5 Ne7 11. Nd2 f5 12. Bxg4 fxg4 13. b4 b6 14. a4 g5 15. a5
Rb8 16. axb6 axb6 17. c5 bxc5 18. bxc5 dxc5 19. Nc4 Rf6 20. Re1 Ng6 21. Be3 Qe8
22. Bxc5 Bf8 23. d6 cxd6 24. Nd5 Rf7 25. Bxd6 Rbb7 26. Ra8 Qe6 27. Bxe5 Nxe5
28. Nxe5 Qxe5 29. Rxc8 Rb2 30. Rc2 h5 31. Rxb2 Qxb2 32. Qe2 Qe5 33. Rc1 Bd6 34.
g3 Rf3 35. Qc4 Kg7 36. Ne3 Rf7 37. Nf5+ Kg6 38. Rd1 Bf8 39. Rd5 Rc7 40. Qa6+
Qf6 41. Qxf6+ Kxf6 42. Ne3 Bc5 43. Rf5+ Kg6 44. Nd5 Ra7 45. Rf6+ Kg7 46. Rc6
Ra1+ 47. Kg2 Bd4 48. Ne7 Bf6 49. Nf5+ Kf7 50. Rc7+ Kg6 51. Ne3 Re1 52. Rc6 Kf7
53. Rc7+ Kg6 54. Rc6 Kf7 55. Nd5 Be5 56. Ne3 Bf6 57. Rc5 Ke6 58. Ra5 Rb1 59.
Ra6+ Kf7 60. Ra7+ Kg6 61. Ra5 Bd4 62. Ra6+ Kf7 63. Nf5 Bb6 64. Nd6+ Kg7 65. Nc4
Bd4 66. Rd6 Bf6 67. Rd7+ Kg6 68. e5 Rb4 69. Rc7 Bg7 70. Rc6+ Kf7 71. e6+ Kf6
72. Ne3 Rb8 73. Nd5+ Kf5 74. e7 Re8 75. Rd6 1-0